Seçilmiş əsərləri (Record no. 466)

MARC details
000 -LEADER
fixed length control field 01736nam a2200349 4500
003 - CONTROL NUMBER IDENTIFIER
control field OSt
005 - DATE AND TIME OF LATEST TRANSACTION
control field 20260513170325.0
008 - FIXED-LENGTH DATA ELEMENTS--GENERAL INFORMATION
fixed length control field 260513b |||||||| |||| 00| 0 aze d
020 ## - INTERNATIONAL STANDARD BOOK NUMBER
International Standard Book Number 9952418113
040 ## - CATALOGING SOURCE
Original cataloging agency AZ-XaKU
Language of cataloging aze
Transcribing agency AZ-XaKU
041 0# - LANGUAGE CODE
Language code of text/sound track or separate title aze
050 14 - LIBRARY OF CONGRESS CALL NUMBER
Classification number PL314 .S27 .W892562004
100 1# - MAIN ENTRY--PERSONAL NAME
Personal name Sarıvəli, Osman
Titles and words associated with a name yazıçı,
Dates associated with a name 1905-1990,
Relator term müəllif.
245 1# - TITLE STATEMENT
Title Seçilmiş əsərləri
Remainder of title /Osman, Sarıvəli yazıçı ; ön söz müəllifi Bəxtiyar Vahabzadə ; tərtib edəni və redaktoru Azər Qurbanov ; buraxılışa məsul Əziz Güləliyev ; texniki redaktor Rövşən Ağayev ; tərtibatçı-rəssam Nərgiz Əliyeva ; korrektor Elmira Teymurova.
264 ## - PRODUCTION, PUBLICATION, DISTRIBUTION, MANUFACTURE, AND COPYRIGHT NOTICE
Place of production, publication, distribution, manufacture Bakı ;
Name of producer, publisher, distributor, manufacturer Şərq-Qərb ;
Date of production, publication, distribution, manufacture, or copyright notice 2004.
300 ## - PHYSICAL DESCRIPTION
Extent 208 səhifə ;
Dimensions 22.5 sm.
336 ## - CONTENT TYPE
Content type term text
Content type code txt
Source rdacontent
337 ## - MEDIA TYPE
Media type term unmediated
Media type code n
Source rdamedia
338 ## - CARRIER TYPE
Carrier type term volume
Carrier type code nc
Source rdacarrier
490 1# - SERIES STATEMENT
Series statement Müasir Azərbaycan ədəbiyyatı
505 0# - Formatted Contents Note
Formatted contents note 1. Məhəbbət -- 2. Bu dünya durduqca duracaqsınız -- 3. Ən geniş ələm -- 4. Həyat fəlsəfəsi -- 5. "Köhnə kəndin mənzərələri" silsiləsindən -- 6. Şair və təbiət -- 7. Cənublu qardaşlarıma -- 8. Aşıq dostuma -- 9. Qocalıq -- 10. Yaşamaq eşqi -- 11. Balaca dostlar
650 #7 - SUBJECT ADDED ENTRY--TOPICAL TERM
Source of heading or term AZ-XaKU
Topical term or geographic name entry element Bədii ədəbiyyat
Geographic subdivision Azərbaycan
700 1# - ADDED ENTRY--PERSONAL NAME
Personal name Vahabzadə, Bəxdiyar.
Relator term ön söz müəllifi,
700 1# - ADDED ENTRY--PERSONAL NAME
Personal name Qurbanov, Anar.
Relator term tərtib edəni və redaktoru.
700 1# - ADDED ENTRY--PERSONAL NAME
Personal name Güləliyev, Əziz,
Relator term buraxılışa məsul.
700 1# - ADDED ENTRY--PERSONAL NAME
Personal name Ağayev, Rövşən,
Relator term texniki redaktor.
700 1# - ADDED ENTRY--PERSONAL NAME
Personal name Əliyeva, Nərgiz,
Relator term tərtibatçı-rəssam.
700 1# - ADDED ENTRY--PERSONAL NAME
Personal name Teymurova, Elmira,
Relator term korrektor.
830 ## - SERIES ADDED ENTRY--UNIFORM TITLE
Uniform title Müasir Azərbaycan ədəbiyyatı
942 ## - ADDED ENTRY ELEMENTS (KOHA)
Koha item type Book
Holdings
Withdrawn status Lost status Source of classification or shelving scheme Damaged status Not for loan Collection Home library Current library Date acquired Total checkouts Full call number Barcode Date last seen Price effective from Koha item type
    Library of Congress Classification     Fiction Collection Karabakh University Main Library Karabakh University Business & Economics Library 05/13/2026   PL314 .S27 .W892562004 0000000796 05/13/2026 05/13/2026 Book